Kadınlara karşı her türlü ayrımcılığın önlenmesi sözleşmesi ve ihtiyari protokol (Record no. 2729)

MARC details
000 -BAŞLIK
Sabit Uzunlukta Kontrol Alanı 00895na a2200253 4500
001 - KONTROL NUMARASI
Denetim Alanı 13032
003 - KONTROL NUMARASI IDENTIFIER
Denetim Alanı MIRAKIL
005 - SON İŞLEM TARİHİ VE ZAMANI
Denetim Alanı 20181213154908.0
008 - SABİT-BOY VERİ ELEMANLARI - GENEL BİLGİLER
Sabit Uzunlukta Kontrol Alanı 161012b tu 000 0
035 ## - SİSTEM KONTROL NUMARASI
Sistem Kontrol Numarası 13032
040 ## - KATALOGLAMA KAYNAK
Orijinal Kataloglama Ajansı Milas
Kataloglama Dili tur
Metne Dönüştürmek Ajansı TR-AnCHP
041 ## - DİL KODU
Metin / Ses Parça Veya Ayrı Başlığın Dil Kodu tur
082 ## - DEWEY ONLU SINIFLANDIRMA NUMARASI
Sınıflandırma Numarası 346.0134
Ürün Numarası K22 2003
090 ## - SINIFLAMA NUMARASI
Sınıflama Numarası 346.0134 K22 2003
130 ## - ANA GİRİŞ - ÜNİFORM BAŞLIK
Üniforma Başlık Kadınlara Karşı Her Türlü Ayrımcılığın Önlenmesi Sözleşmesi (CEDAW)
245 ## - BAŞLIK TABLOSU
Başlık Kadınlara karşı her türlü ayrımcılığın önlenmesi sözleşmesi ve ihtiyari protokol
Başlığın Kalan Milletvekilleri için el kitabı
Sorumluluk Tablosu, Vb Çeviren Ayşe Sayın
246 ## - UNVAN FORM VARYING
Başlık Doğru / Kısa Başlığı Milletvekilleri için el kitabı
260 ## - YAYIN, DAĞITIM, VB
Yayın, Dağıtım, Vb Yeri İsviçre
Yayıncı, Dağıtıcı, Vs Adı Parlamentolararası Birlik
Yayın, Dağıtım, Vb Tarihi 2003
300 ## - FİZİKSEL TANIM
Kapsam 125 s.
Diğer Fiziksel Ayrıntıları tbl.
Boyutlar 24 sm.
650 ## - KONU KATMA GİRİŞ - TOPİKAL DÖNEM
Topikal Süreli Veya Coğrafi Ad Giriş Elemanı Ayrımcılık
Genel Alt Bölümü Kadınlar
650 ## - KONU KATMA GİRİŞ - TOPİKAL DÖNEM
Topikal Süreli Veya Coğrafi Ad Giriş Elemanı Özel Hukuk
Genel Alt Bölümü Kadınlar
Kronolojik Alt Bölümü Uluslararası sözleşmeler
700 ## - KATMA GİRİŞ - KİŞİSEL İSİM
Kişisel Ad Sayın, Ayşe
942 ## - EKLENDİ GİRİŞ ELEMANLARI (KOHA)
Sınıflandırma Veya Raf Düzeni Kaynak Dewey Decimal Classification
Koha Öğesi Türü Books
999 ## - SİSTEM KONTROL NUMARALARI (KOHA)
Koha Biblionumber 2729
Koha Biblioitemnumber 2729
Holdings
Kalıcı Konum Mevcut Konum Edinme Tarihi Edinim Kaynak Toplam Check-Out'Lar Tam Çağrı Numarası Barkod Tarih Son Görülme İtibaren Geçerli Fiyatlar Koha Öğesi Türü Kopya Sayısı
CHP Kütüphanesi CHP Kütüphanesi 08/04/2016 Bağış   346.0134 K22 2003 000731 08/04/2016 08/04/2016 Books  
CHP Kütüphanesi CHP Kütüphanesi 10/12/2016 Bağış   346.0134 K22 2003 000865 10/12/2016 10/12/2016 Books k.2